[Event "British Chess Championships 2023: Weekend Tournament Atkins"]
[Site "The Venue, De Montfort University, 20 Western Boulevard, Leicester, LE2 7BU"]
[Date "2023.07.21"]
[Round "1"]
[Board "22"]
[White "Cordova Lopez, Diego Anton"]
[Black "Mandnikar, Atreya"]
[Result "1-0"]
[WhiteElo "2048"]
[BlackElo "1702"]
[PlyCount "0"]
[EventDate "2023.07.21"]
[EventRounds "5"]
[EventCountry "ENG"]

1. e4 c5 2. Nf3 Nc6 3. d4 cxd4 4. Nxd4 g6 5. c4 Bg7 6. Be3 Nf6 7. Nc3 Ng4 8. Qxg4
Nxd4 9. Qd1 Nc6 10. Rc1 O-O 11. Be2 d6 12. Qd2 Re8 13. O-O Bd7 14. h3 Qc7 15. f4
Rad8 16. b3 Qa5 17. Rfd1 Nb4 18. Nd5 Nc6 19. Qxa5 Nxa5 20. Bxa7 Nc6 21. Bb6 Rc8 22.
Nc7 Bd4+ 23. Bxd4 Nxd4 24. Rxd4 Rxc7 25. Rcd1 Ra8 26. e5 Rxa2 27. exd6 exd6 28. Rxd6
Bc6 29. R1d2 Ra1+ 30. Kf2 Rb1 31. R6d3 Re7 32. Bf3 Bxf3 33. Kxf3 Kg7 34. g3 Rf1+
35. Rf2 Rb1 36. Re2 Rf1+ 37. Kg2 Rxe2+ 38. Kxf1 Rb2 39. Ke1 Kf6 40. Kd1 Ke6 41. Kc1
Rg2 42. b4 Re2 43. c5 Re4 44. Rd6+ Ke7 45. Rb6 Re3 46. Rxb7+ Ke8 47. Kc2 Rxg3 48.
c6 Kd8 49. b5 Rxh3 50. b6 Rh5 51. Rb8+ Ke7 52. c7 Rc5+ 53. Kd3 Kd7 54. b7 Rxc7 55.
Rd8+  1-0

[Event "British Chess Championships 2023: Weekend Tournament Atkins"]
[Site "The Venue, De Montfort University, 20 Western Boulevard, Leicester, LE2 7BU"]
[Date "2023.07.21"]
[Round "1"]
[Board "23"]
[White "Kairat, Alexander"]
[Black "Subramanian, Anusha"]
[Result "0-1"]
[WhiteElo "1619"]
[BlackElo "2029"]
[PlyCount "0"]
[EventDate "2023.07.21"]
[EventRounds "5"]
[EventCountry "ENG"]

1. e4 e6 2. d4 d5 3. Nc3 dxe4 4. Nxe4 Nd7 5. Bd3 Ngf6 6. Bg5 h6 7. Bxf6 Nxf6 8. Nxf6+
Qxf6 9. Nf3 Bd6 10. O-O O-O 11. c4 b6 12. b3 Bb7 13. Rc1 Qf4 14. d5 exd5 15. cxd5
Bxd5 16. Bh7+ Kxh7 17. Qxd5 Rad8 18. Rc4 Qf6 19. Qe4+ Kg8 20. Re1 Rd7 21. Qc6 Rfd8
22. g3 Be7 23. Ne5 Rd1 24. Rxd1 Rxd1+ 25. Kg2 Qxe5 26. Re4 Qd6 27. Qe8+ Bf8 28. Rf4
Qd5+ 29. f3 Rd2+ 30. Kh3 Qh5+ 31. Rh4 Qxf3 32. Qc8 Qf1+ 33. Kg4 Rd4+ 34. Kh5 g6#
 0-1

[Event "British Chess Championships 2023: Weekend Tournament Atkins"]
[Site "The Venue, De Montfort University, 20 Western Boulevard, Leicester, LE2 7BU"]
[Date "2023.07.21"]
[Round "1"]
[Board "24"]
[White "Kothari, Jai"]
[Black "Mcgrath Williams, Joseph"]
[Result "1-0"]
[WhiteElo "2027"]
[BlackElo "1615"]
[PlyCount "0"]
[EventDate "2023.07.21"]
[EventRounds "5"]
[EventCountry "ENG"]

1. e4 Nf6 2. e5 Nd5 3. c4 Nb6 4. c5 Nd5 5. Nc3 Nxc3 6. bxc3 d6 7. cxd6 exd6 8. exd6
Bxd6 9. d4 O-O 10. Bd3 Re8+ 11. Ne2 Bg4 12. O-O Bxe2 13. Bxe2 Qf6 14. Rb1 Nd7 15.
Bf3 Rad8 16. Rxb7 c5 17. Qa4 Re7 18. Qa5 Rde8 19. Be3 Rxe3 20. fxe3 Qh6 21. g3 Qxe3+
22. Kg2 Nf6 23. Rb2 cxd4 24. Re2 Qxc3 25. Rxe8+ Nxe8 26. Qxc3 dxc3 27. Rd1 g6 28.
Bc6 Ba3 29. Ba4 Kg7 30. Kf3 Nf6 31. h3 h5 32. Ke3 Nh7 33. Bb3 Ng5 34. Rd7 Kf6 35.
h4 Ne6 36. Rd1 Bc5+ 37. Kd3 Bf2 38. Rf1 Nc5+ 39. Kc2 Ne4 40. Bd5 Ke5 41. Bxe4 Bxg3
42. Bd3 f5 43. Rg1 Bxh4 44. Rxg6 Be1 45. Rg5 Kd5  1-0

[Event "British Chess Championships 2023: Weekend Tournament Atkins"]
[Site "The Venue, De Montfort University, 20 Western Boulevard, Leicester, LE2 7BU"]
[Date "2023.07.21"]
[Round "1"]
[Board "25"]
[White "Cockell, Owen"]
[Black "Sachdeva, Ronit"]
[Result "1/2-1/2"]
[WhiteElo "1577"]
[BlackElo "2026"]
[PlyCount "0"]
[EventDate "2023.07.21"]
[EventRounds "5"]
[EventCountry "ENG"]

1. e4 c5 2. Nc3 Nc6 3. Bb5 Nd4 4. f4 g6 5. Nf3 Bg7 6. O-O e6 7. Nxd4 cxd4 8. Ne2
a6 9. Ba4 b5 10. Bb3 Ne7 11. d3 Bb7 12. Bd2 O-O 13. Qe1 a5 14. a4 b4 15. Rc1 Rc8
16. Bc4 Bxe4 17. Bxe6 dxe6 18. dxe4 d3 19. cxd3 Qxd3 20. Ng3 Bxb2 21. Rf3 Qd4+ 22.
Be3 Rxc1 23. Qxc1 Bxc1 24. Bxd4 f5 25. Bc5 Re8 26. e5 Nd5 27. Ne2 Rc8 28. Nxc1 Rxc5
29. Nb3 Rc3 30. Rxc3 Nxc3 31. g3 Nxa4 32. Nxa5 Kf7 33. Kf2 Nc5 34. Ke3 b3 35. Kd2
b2 36. Kc2 Nd3 37. Nc4 Ne1+ 38. Kxb2 Nf3 39. h4 Nd4 40. Ne3 Ke7 41. Ka3 Kd7 42. Kb4
Kc6 43. Kc4 Nf3 44. Nf1 h5 45. Kd3 Kc5 46. Nd2 Nxd2 47. Kxd2 Kd4 48. Ke2 Ke4 49.
Kf2 Kd3 50. Kf3 Kd4 51. Kf2 Kc4 52. Ke3 Kc3 53. Ke2 Kc2 54. Ke3 Kc3 55. Ke2 Kc4 56.
Ke3 Kc5 57. Kd3 Kb5 58. Kc3  1/2-1/2

[Event "British Chess Championships 2023: Weekend Tournament Atkins"]
[Site "The Venue, De Montfort University, 20 Western Boulevard, Leicester, LE2 7BU"]
[Date "2023.07.21"]
[Round "1"]
[Board "26"]
[White "Ravikumar, Pranava"]
[Black "Cockell, Tom"]
[Result "1-0"]
[WhiteElo "2022"]
[BlackElo "1557"]
[PlyCount "0"]
[EventDate "2023.07.21"]
[EventRounds "5"]
[EventCountry "ENG"]

1. d4 d5 2. Nf3 Nf6 3. e3 c5 4. c4 e6 5. Nc3 cxd4 6. exd4 Nc6 7. c5 Bd7 8. Rb1 b6
9. b4 bxc5 10. dxc5 Nxb4 11. Rxb4 Qa5 12. Rb3 Ba4 13. Ra3 Bxd1 14. Rxa5 Bxf3 15.
gxf3 Kd7 16. Bb5+ Kc7 17. Bf4+ Kb7 18. Ba6+ Kc6 19. Rb5 Rd8 20. Bb7+ Kd7 21. c6+
 1-0

[Event "British Chess Championships 2023: Weekend Tournament Atkins"]
[Site "The Venue, De Montfort University, 20 Western Boulevard, Leicester, LE2 7BU"]
[Date "2023.07.21"]
[Round "1"]
[Board "27"]
[White "Munshi, Aryan"]
[Black "Regan, Natasha K"]
[Result "1/2-1/2"]
[WhiteElo "1454"]
[BlackElo "2021"]
[PlyCount "0"]
[EventDate "2023.07.21"]
[EventRounds "5"]
[EventCountry "ENG"]

1. d4 Nf6 2. c4 e5 3. dxe5 Ng4 4. Nf3 Bc5 5. e3 Nc6 6. Nc3 O-O 7. Be2 Ncxe5 8. Nxe5
Nxe5 9. O-O d6 10. f4 Nc6 11. Bf3 Re8 12. Re1 a5 13. a3 Be6 14. b3 Qf6 15. Bb2 Qxf4
16. Qd2 Ne5 17. Bd1 Ng4 18. Bxg4 Qxg4 19. Kh1 c6 20. Na4 Bf5 21. Nxc5 dxc5 22. Rad1
Be4 23. Qe2 Qg6 24. Rd7 b5 25. cxb5 cxb5 26. Red1 h5 27. R1d6 Qg5 28. Qf2 Rf8 29.
h4 Qg4 30. Kh2 Rae8 31. Rc7 Rc8 32. Re7 Bxg2 33. Qxg2 Qxh4+ 34. Kg1  1/2-1/2

[Event "British Chess Championships 2023: Weekend Tournament Atkins"]
[Site "The Venue, De Montfort University, 20 Western Boulevard, Leicester, LE2 7BU"]
[Date "2023.07.21"]
[Round "1"]
[Board "28"]
[White "Gay, Conor DI"]
[Black "Patel, Hardikkumar"]
[Result "1-0"]
[WhiteElo "2021"]
[BlackElo "739"]
[PlyCount "0"]
[EventDate "2023.07.21"]
[EventRounds "5"]
[EventCountry "ENG"]

1. d4 Nf6 2. c4 g6 3. Nc3 d5 4. Nf3 Bg7 5. Bg5 Ne4 6. cxd5 Nxc3 7. bxc3 Qxd5 8. Qb3
Qxb3 9. axb3 c5 10. e3 h6 11. Bf4 Nc6 12. Bb5 O-O 13. Bxc6 bxc6 14. O-O cxd4 15.
exd4 Be6 16. Rab1 g5 17. Be5 f6 18. Bg3 Bf5 19. Ra1 Rfc8 20. Ra5 Bd3 21. Rfa1 f5
22. Be5 g4 23. Ne1 Bxe5 24. Rxe5 Be4 25. c4 c5 26. d5 Kf7 27. f3 gxf3 28. gxf3 Rcb8
29. fxe4 fxe4 30. Ra3 Rg8+ 31. Kf2 Rg4 32. Ra6 Rb8 33. Rxa7 Rxb3 34. Raxe7+ Kf8 35.
Rxe4 Rb2+ 36. Kf3 Rg1 37. d6 Rxh2 38. d7  1-0

[Event "British Chess Championships 2023: Weekend Tournament Atkins"]
[Site "The Venue, De Montfort University, 20 Western Boulevard, Leicester, LE2 7BU"]
[Date "2023.07.22"]
[Round "2"]
[Board "1"]
[White "Stubbs, Oliver"]
[Black "Ravikumar, Pranava"]
[Result "1-0"]
[WhiteElo "2206"]
[BlackElo "2022"]
[PlyCount "0"]
[EventDate "2023.07.21"]
[EventRounds "5"]
[EventCountry "ENG"]

1. d4 Nf6 2. Nf3 d5 3. Bf4 c5 4. e3 Nc6 5. Nbd2 Nh5 6. dxc5 Nxf4 7. exf4 Qa5 8. a3
Qxc5 9. Rc1 a5 10. c4 e6 11. Bd3 Be7 12. O-O d4 13. Nb3 Qd6 14. Qd2 O-O 15. Rfd1
Bf6 16. Be4 a4 17. c5 Qd7 18. Bxc6 bxc6 19. Nbxd4 Qc7 20. Ne5 Bb7 21. Qe3 Rfd8 22.
Ne2 Rxd1+ 23. Rxd1 Rd8 24. Rd4 Rd5 25. Nc3 Bxe5 26. fxe5 Rxc5 27. Nxa4 Ra5 28. Nc3
g6 29. f4 Qb6 30. Qd2 c5 31. Rd6 Qb3 32. Rd8+ Kg7 33. Qd6 Kh6 34. Qf8+ Kh5 35. Qe7
h6 36. h3 Bxg2 37. Rh8 f6 38. Qxf6  1-0

[Event "British Chess Championships 2023: Weekend Tournament Atkins"]
[Site "The Venue, De Montfort University, 20 Western Boulevard, Leicester, LE2 7BU"]
[Date "2023.07.22"]
[Round "2"]
[Board "2"]
[White "Gay, Conor DI"]
[Black "Kolani, Arjun"]
[Result "0-1"]
[WhiteElo "2021"]
[BlackElo "2171"]
[PlyCount "0"]
[EventDate "2023.07.21"]
[EventRounds "5"]
[EventCountry "ENG"]

1. e4 e5 2. Nc3 Nf6 3. Bc4 Nc6 4. d3 Bc5 5. f4 d6 6. Nf3 exf4 7. d4 Bb6 8. Bxf4 O-O
9. Bd5 Nxd5 10. Nxd5 Re8 11. O-O Rxe4 12. Nxb6 axb6 13. Ng5 Rxf4 14. Qh5 h6 15. Rxf4
Qxg5 16. Qxf7+ Kh7 17. h4 Qg3 18. Raf1 Qe3+ 19. Kh2 Be6 20. Qxc7 Nxd4 21. Qxb6 Nf3+
 0-1

[Event "British Chess Championships 2023: Weekend Tournament Atkins"]
[Site "The Venue, De Montfort University, 20 Western Boulevard, Leicester, LE2 7BU"]
[Date "2023.07.22"]
[Round "2"]
[Board "3"]
[White "Borrowdale, Graham E"]
[Black "Moore, Gerald"]
[Result "1/2-1/2"]
[WhiteElo "2018"]
[BlackElo "2155"]
[PlyCount "0"]
[EventDate "2023.07.21"]
[EventRounds "5"]
[EventCountry "ENG"]

1. d4 f5 2. g3 Nf6 3. Bg2 g6 4. Nf3 Bg7 5. O-O O-O 6. c4 d6 7. Nc3 c6 8. b3 Na6 9.
Bb2 Qc7 10. Qd2 e5 11. d5 Nc5 12. dxc6 bxc6 13. Rad1 Nce4 14. Nxe4 Nxe4 15. Qc2 Be6
16. Nd2 Nf6 17. Nf3 Ne4 18. Nd2 Nf6 19. Nf3  1/2-1/2

[Event "British Chess Championships 2023: Weekend Tournament Atkins"]
[Site "The Venue, De Montfort University, 20 Western Boulevard, Leicester, LE2 7BU"]
[Date "2023.07.22"]
[Round "2"]
[Board "4"]
[White "Dhemrait, Jagdeep"]
[Black "Matlak, Oleksandr"]
[Result "0-1"]
[WhiteElo "2013"]
[BlackElo "2136"]
[PlyCount "0"]
[EventDate "2023.07.21"]
[EventRounds "5"]
[EventCountry "ENG"]

1. e4 c5 2. Nf3 d6 3. Bb5+ Nd7 4. c4 Ngf6 5. Nc3 a6 6. Ba4 g6 7. O-O Bg7 8. h3 O-O
9. d4 cxd4 10. Nxd4 e6 11. Nf3 Qc7 12. Qe2 Rd8 13. Rd1 b6 14. Bf4 Nc5 15. Bc2 Bb7
16. b4 Nh5 17. Bd2 Nd7 18. Rac1 Rac8 19. Bb3 Ne5 20. Nxe5 Bxe5 21. Re1 Rb8 22. a4
Bg7 23. Qd3 Qe7 24. b5 a5 25. Be3 Ba8 26. Bd4 Nf4 27. Qe3 Qg5 28. g3 Nxh3+ 29. Kg2
Bxd4 30. Qxd4 Nf4+ 31. Kf1 Nh5 32. Rcd1 Qg4 33. Qe3 Qh3+ 34. Kg1 Nf6 35. Qf4 Ng4
36. Rxd6 Rxd6  0-1

[Event "British Chess Championships 2023: Weekend Tournament Atkins"]
[Site "The Venue, De Montfort University, 20 Western Boulevard, Leicester, LE2 7BU"]
[Date "2023.07.22"]
[Round "2"]
[Board "5"]
[White "Gay, Simon P"]
[Black "Fowler, Hugo"]
[Result "0-1"]
[WhiteElo "2002"]
[BlackElo "1930"]
[PlyCount "0"]
[EventDate "2023.07.21"]
[EventRounds "5"]
[EventCountry "ENG"]

1. e4 e5 2. Nf3 Nc6 3. Bb5 a6 4. Bxc6 dxc6 5. O-O f6 6. h3 Bc5 7. c3 Qd3 8. Qb3 Ne7
9. Na3 Qxe4 10. d4 exd4 11. cxd4 Bd6 12. Re1 Qd5 13. Nc4 b5 14. Nxd6+ cxd6 15. Qe3
Ra7 16. Bd2 O-O 17. a4 Nf5 18. Qa3 Rb7 19. a5 Rd8 20. Bb4 Rc7 21. Rac1 Be6 22. Re2
Qb3 23. Rce1 Qxa3 24. bxa3 Bd5 25. Re8+ Rxe8 26. Rxe8+ Kf7 27. Ra8 c5 28. dxc5 Bxa8
 0-1

[Event "British Chess Championships 2023: Weekend Tournament Atkins"]
[Site "The Venue, De Montfort University, 20 Western Boulevard, Leicester, LE2 7BU"]
[Date "2023.07.22"]
[Round "2"]
[Board "6"]
[White "Gordon, Sean"]
[Black "Chopra, Manmay"]
[Result "1/2-1/2"]
[WhiteElo "1999"]
[BlackElo "2061"]
[PlyCount "0"]
[EventDate "2023.07.21"]
[EventRounds "5"]
[EventCountry "ENG"]

1. Nf3 d6 2. d4 Nf6 3. Nc3 d5 4. Bf4 a6 5. e3 e6 6. Be2 b5 7. O-O Bb7 8. a4 b4 9.
Nb1 c5 10. c4 bxc3 11. bxc3 c4 12. Nbd2 Bd6 13. Bxd6 Qxd6 14. Ne5 Nbd7 15. f4 O-O
16. g4 Ne8 17. Bf3 f6 18. Ndxc4 dxc4 19. Bxb7 Ra7 20. Nxd7 Qxd7 21. Bg2 Nc7 22. Rb1
Nd5 23. Bxd5 exd5 24. Qf3 Rb7 25. Kh1 Rb3 26. e4 dxe4 27. Qxe4 Re8 28. Qf3 Qxa4 29.
Rbe1 Rbb8 30. Qd5+ Kh8 31. g5 Qb5 32. Qxb5 axb5 33. Rxe8+ Rxe8 34. Rb1 fxg5 35. fxg5
Re3 36. Rxb5 Kg8 37. Rc5 Rxc3 38. d5 Kf7 39. Rc7+ Kg6 40. Kg2 Rd3 41. h4 c3 42. d6
Rxd6 43. Rxc3 Kh5 44. Rc4 g6 45. Kg3 Rd3+ 46. Kg2 Re3 47. Kh2 Re1 48. Kg2  1/2-1/2

[Event "British Chess Championships 2023: Weekend Tournament Atkins"]
[Site "The Venue, De Montfort University, 20 Western Boulevard, Leicester, LE2 7BU"]
[Date "2023.07.22"]
[Round "2"]
[Board "7"]
[White "Obi, Okwose Marc"]
[Black "Gant, Chris J"]
[Result "1/2-1/2"]
[WhiteElo "1965"]
[BlackElo "2058"]
[PlyCount "0"]
[EventDate "2023.07.21"]
[EventRounds "5"]
[EventCountry "ENG"]

1. e4 c5 2. c4 Nc6 3. Nc3 g6 4. g3 Bg7 5. Bg2 d6 6. Nge2 Nf6 7. O-O O-O 8. d3 a6
9. h3 Rb8 10. a4 Ne8 11. Be3 Nc7 12. d4 cxd4 13. Nxd4 Nxd4 14. Bxd4 Bxd4 15. Qxd4
Ne6 16. Qe3 Re8 17. Rfd1 Qc7 18. b3 b6 19. Nd5 Qc5 20. Qd3 a5 21. Ra2 Bb7 22. Kh2
Ng7 23. f4 Bxd5 24. Qxd5 Qxd5 25. Rxd5 Ne6 26. Re2 Nc5 27. Re3 Rbd8 28. Bf3 e6 29.
Rd2 e5 30. f5 Kg7 31. g4 g5  1/2-1/2

[Event "British Chess Championships 2023: Weekend Tournament Atkins"]
[Site "The Venue, De Montfort University, 20 Western Boulevard, Leicester, LE2 7BU"]
[Date "2023.07.22"]
[Round "2"]
[Board "8"]
[White "Sutton, Daniel"]
[Black "Walker, David N"]
[Result "1-0"]
[WhiteElo "2057"]
[BlackElo "1871"]
[PlyCount "0"]
[EventDate "2023.07.21"]
[EventRounds "5"]
[EventCountry "ENG"]

1. e4 e6 2. d4 d5 3. Nc3 Nf6 4. Bg5 Be7 5. e5 Nfd7 6. Bxe7 Qxe7 7. f4 Nc6 8. Nf3
Nb6 9. Qd2 Bd7 10. Be2 a6 11. O-O f6 12. b3 O-O 13. Rae1 Rae8 14. Kh1 Qb4 15. Qe3
Kh8 16. Nd1 fxe5 17. fxe5 Rxf3 18. Qxf3 Nxd4 19. Qh5 g6 20. Qh4 Nxc2 21. Qf6+ Kg8
22. Bd3 Nxe1 23. Bxg6 Rf8 24. Bf7+ Rxf7 25. Qxf7+ Kh8 26. Qf6+ Kg8 27. Qg5+ Kh8 28.
Rf7  1-0

[Event "British Chess Championships 2023: Weekend Tournament Atkins"]
[Site "The Venue, De Montfort University, 20 Western Boulevard, Leicester, LE2 7BU"]
[Date "2023.07.22"]
[Round "2"]
[Board "9"]
[White "Goss, Alex"]
[Black "Cordova Lopez, Diego Anton"]
[Result "1/2-1/2"]
[WhiteElo "1848"]
[BlackElo "2048"]
[PlyCount "0"]
[EventDate "2023.07.21"]
[EventRounds "5"]
[EventCountry "ENG"]

1. d4 d5 2. Bf4 Nf6 3. e3 c5 4. c3 Nc6 5. Nd2 Bf5 6. Bb5 Qb6 7. a4 e6 8. dxc5 Bxc5
9. Nb3 O-O 10. Nxc5 Qxc5 11. Nf3 h6 12. O-O Rac8 13. Rc1 Rfd8 14. Ne5 Nxe5 15. Bxe5
Ne4 16. Bd4 Qc7 17. f3 Ng5 18. Bd3 Bxd3 19. Qxd3 f6 20. a5 Qxa5 21. Ra1 Qc7 22. Bxa7
Rd6 23. Qb5 Nf7 24. Ra3  1/2-1/2

[Event "British Chess Championships 2023: Weekend Tournament Atkins"]
[Site "The Venue, De Montfort University, 20 Western Boulevard, Leicester, LE2 7BU"]
[Date "2023.07.22"]
[Round "2"]
[Board "10"]
[White "Subramanian, Anusha"]
[Black "Guha, Chirag"]
[Result "0-1"]
[WhiteElo "2029"]
[BlackElo "1754"]
[PlyCount "0"]
[EventDate "2023.07.21"]
[EventRounds "5"]
[EventCountry "ENG"]

1. e4 e5 2. Nf3 Nc6 3. Bc4 Nf6 4. d3 Bc5 5. c3 d6 6. O-O a6 7. a4 h6 8. Re1 g5 9.
d4 exd4 10. e5 dxe5 11. Nxe5 O-O 12. Qc2 Nxe5 13. Rxe5 Qd6 14. cxd4 Ng4 15. Bxg5
Bxd4 16. Nd2 Nxe5 17. Ne4 Qg6 18. Be7 Bf5 19. Nf6+ Kh8 20. Qe2 Nxc4 21. Qxc4 Bxf6
22. Bxf8 Rxf8 23. Qxc7 Be4 24. g3 Qg4 25. Qd6 Bg7 26. Ra3 Rc8 27. Qd2 Qh3 28. f3
Rc2 29. Qd8+ Kh7  0-1

[Event "British Chess Championships 2023: Weekend Tournament Atkins"]
[Site "The Venue, De Montfort University, 20 Western Boulevard, Leicester, LE2 7BU"]
[Date "2023.07.22"]
[Round "2"]
[Board "11"]
[White "Moss, Thomas D"]
[Black "Kothari, Jai"]
[Result "0-1"]
[WhiteElo "1755"]
[BlackElo "2027"]
[PlyCount "0"]
[EventDate "2023.07.21"]
[EventRounds "5"]
[EventCountry "ENG"]

1. e4 c5 2. b4 cxb4 3. a3 d5 4. exd5 Qxd5 5. Nf3 e6 6. axb4 Bxb4 7. c3 Be7 8. Na3
Nc6 9. d4 Nf6 10. Bd3 O-O 11. O-O b6 12. Nc4 Bb7 13. Re1 Rfd8 14. Bg5 h6 15. Bh4
Qd7 16. Qe2 Nd5 17. Qe4 g6 18. Rac1 Bxh4 19. Qxh4 Kg7 20. Nfe5 Nxe5 21. Nxe5 Qe7
22. Qg3 Qf6 23. Re4 Qg5 24. Qxg5 hxg5 25. Rg4 Rac8 26. Rxg5 Nxc3 27. Re1 Rxd4 28.
Bxg6 fxg6 29. Rxg6+ Kh7 30. Rxe6 Ne2+ 31. Kf1 Bxg2+ 32. Kxe2 Re4+ 33. Kd2 Rd8+ 34.
Nd3 Red4 35. Re7+ Kg8 36. Re8+ Rxe8 37. Rxe8+ Kf7 38. Re3 a5 39. Kc3 Rd6 40. f3 Bh3
41. f4 Be6 42. h4 b5 43. h5 Rc6+ 44. Kb2 Kf6 45. Re5 Bc4 46. Nc5 Kg7 47. Ne4 Bd3
48. Nc5 Bc4 49. Ne4 Rb6 50. Ng5 Rd6 51. Re7+ Kf8 52. Ra7 a4 53. Ra8+ Ke7 54. Ra7+
Ke8 55. Ra8+ Kd7 56. Rh8 b4 57. h6 a3+ 58. Kc2 b3+ 59. Kc3 b2 60. Rb8 Rxh6 61. Ne4
Rh3+ 62. Kxc4 a2  0-1

[Event "British Chess Championships 2023: Weekend Tournament Atkins"]
[Site "The Venue, De Montfort University, 20 Western Boulevard, Leicester, LE2 7BU"]
[Date "2023.07.22"]
[Round "2"]
[Board "12"]
[White "De Coverly, Roger D"]
[Black "Shafi, Declan"]
[Result "0-1"]
[WhiteElo "2016"]
[BlackElo "2275"]
[PlyCount "0"]
[EventDate "2023.07.21"]
[EventRounds "5"]
[EventCountry "ENG"]

1. e4 e5 2. Nf3 Nc6 3. Bb5 a6 4. Ba4 Nf6 5. O-O Be7 6. Re1 b5 7. Bb3 d6 8. c3 O-O
9. d4 Bg4 10. d5 Na5 11. Bc2 c6 12. h3 Bc8 13. dxc6 Qc7 14. Nbd2 Qxc6 15. Nf1 Be6
16. Ng5 Bd7 17. Ng3 h6 18. Nf3 Rfc8 19. a3 Bf8 20. Nh2 Be6 21. Ng4 Nxg4 22. hxg4
g6 23. Nf1 Nc4 24. Ne3 Rab8 25. Nd5 Bxd5 26. exd5 Qd7 27. Qf3 Bg7 28. Qh3 Rc5 29.
Be4 Rf8 30. b3 Nb6 31. Bxh6 Nxd5 32. Bxg7 Kxg7 33. Bxd5 Rxd5 34. Qf3 Qe6 35. Rad1
Rc5 36. g5 Rd8 37. Re3 d5 38. Qg3 Re8 39. Qh2 Rh8 40. Qg3 e4 41. b4 Rc6 42. Qf4 Rhc8
43. Qf6+ Qxf6 44. gxf6+ Kxf6 45. Rxd5 Ke6 46. Rdd3 f5 47. f3 Rc4 48. fxe4 fxe4 49.
Kf2 Ke5 50. Rd7 Ke6 51. Ra7 Rxc3 52. Rxa6+ Kf5 53. Ra5 Rxe3 54. Kxe3 Rc3+ 55. Kf2
Kf4 56. Rxb5 Rxa3 57. Rd5 Ra2+ 58. Kf1 Ke3 59. Rd1 Rb2 60. Re1+ Kf4 61. Ra1 Rxb4
62. Ra3 Rb1+ 63. Kf2 Rb2+ 64. Kf1 g5 65. Rc3 Rd2 66. Ra3 Rd3 67. Ra2 g4 68. Ra1 Ke3
69. Re1+ Kf4 70. Ra1 Rb3 71. Rc1 g3 72. Ra1 Rb2 73. Rc1 Rf2+ 74. Kg1 e3 75. Ra1 Rc2
76. Ra4+ Ke5 77. Ra1 Kd4 78. Rb1 Kd3 79. Ra1 Kd2  0-1

[Event "British Chess Championships 2023: Weekend Tournament Atkins"]
[Site "The Venue, De Montfort University, 20 Western Boulevard, Leicester, LE2 7BU"]
[Date "2023.07.22"]
[Round "2"]
[Board "13"]
[White "Fellowes, Billy"]
[Black "Buanne, Luca"]
[Result "1-0"]
[WhiteElo "1996"]
[BlackElo "2224"]
[PlyCount "0"]
[EventDate "2023.07.21"]
[EventRounds "5"]
[EventCountry "ENG"]

1. e4 e5 2. Nf3 Nc6 3. Bb5 a6 4. Ba4 Nf6 5. d3 b5 6. Bb3 Be7 7. O-O d6 8. Re1 O-O
9. Nbd2 Na5 10. Nf1 Re8 11. h3 Bf8 12. Bg5 h6 13. Bh4 g6 14. Ne3 c6 15. Qd2 Nxb3
16. axb3 g5 17. Bg3 Nh5 18. Qa5 Qf6 19. Nd2 Bd7 20. Qb6 Nf4 21. Rxa6 Rad8 22. Ndf1
h5 23. Nf5 d5 24. N1e3 d4 25. Bxf4 exf4 26. Nd5 Qe5 27. Nc7 Bxf5 28. Nxe8 Rxe8 29.
Qxc6 Rc8 30. Qd5 Qxd5 31. exd5 Rxc2 32. Re5 Bxd3 33. d6 Bxd6 34. Rxg5+ Bg6 35. Rxd6
Rxb2 36. Rxd4 Rxb3 37. Rxf4 Kg7 38. Kh2 Rb1 39. h4 Kh6 40. Rf6 Rb4 41. Kg3 Rb3+ 42.
f3  1-0

[Event "British Chess Championships 2023: Weekend Tournament Atkins"]
[Site "The Venue, De Montfort University, 20 Western Boulevard, Leicester, LE2 7BU"]
[Date "2023.07.22"]
[Round "2"]
[Board "14"]
[White "Ashworth, Michael J"]
[Black "Bridgeman, Niamh"]
[Result "1/2-1/2"]
[WhiteElo "2131"]
[BlackElo "1940"]
[PlyCount "0"]
[EventDate "2023.07.21"]
[EventRounds "5"]
[EventCountry "ENG"]

1. d4 e6 2. c4 f5 3. g3 Nf6 4. Bg2 d5 5. Nf3 c6 6. O-O Bd6 7. b3 Qe7 8. Bb2 O-O 9.
Nbd2 b6 10. Ne5 Bb7 11. Ndf3 Nbd7 12. Nd3 c5 13. Nfe5 cxd4 14. Bxd4 Nxe5 15. Bxe5
Bxe5 16. Nxe5 Rfd8 17. Qc2 Rac8 18. Qb2 dxc4 19. Nxc4 Bxg2 20. Kxg2 b5 21. Ne5 Nd5
22. Rac1 Qb7 23. Kg1 b4 24. Nc4 Nc3 25. a3 a5 26. Rc2 Rc5 27. Rd2 Rcd5 28. Rxd5 Qxd5
29. axb4 axb4 30. Ra1 Qe4 31. Ne3 e5 32. Qc2 Qxc2 33. Nxc2 Nxe2+ 34. Kf1 Nc3 35.
Nxb4 Rb8 36. Nc6 Rxb3 37. Ne7+ Kf7 38. Nxf5 Rb1+ 39. Rxb1 Nxb1 40. Ke2 Nc3+ 41. Kd3
Nd1 42. f3 Nf2+ 43. Ke3 Nh3 44. Nd6+ Ke6 45. Ne4 h6 46. Nf2 Nxf2 47. Kxf2 Kf5 48.
Ke3 h5 49. h4 g5 50. hxg5 Kxg5 51. Ke4 Kf6 52. Ke3 Kg5 53. Ke4 Kf6 54. Ke3  1/2-1/2

[Event "British Chess Championships 2023: Weekend Tournament Atkins"]
[Site "The Venue, De Montfort University, 20 Western Boulevard, Leicester, LE2 7BU"]
[Date "2023.07.22"]
[Round "2"]
[Board "15"]
[White "Lekoudis, George"]
[Black "Samarakoon, Vivash"]
[Result "0-1"]
[WhiteElo "1768"]
[BlackElo "2095"]
[PlyCount "0"]
[EventDate "2023.07.21"]
[EventRounds "5"]
[EventCountry "ENG"]

1. e4 e5 2. Nf3 Nc6 3. Bc4 Nf6 4. d3 Be7 5. Nc3 d6 6. h3 h6 7. Be3 Be6 8. Nd5 Bxd5
9. exd5 Nb8 10. Bb5+ c6 11. Ba4 Nxd5 12. Bd2 O-O 13. O-O Nd7 14. Re1 Nc5 15. Bb3
Nxb3 16. axb3 f5 17. c4 Nc7 18. Ra4 Bf6 19. Bc3 Re8 20. Qa1 a6 21. Ba5 Qd7 22. Bb6
Ne6 23. b4 Nf4 24. Ra3 e4 25. dxe4 fxe4 26. Nd2 d5 27. Qa2 Kh8 28. Ra5 Bd8 29. Bxd8
Raxd8 30. b3 Nd3  0-1

[Event "British Chess Championships 2023: Weekend Tournament Atkins"]
[Site "The Venue, De Montfort University, 20 Western Boulevard, Leicester, LE2 7BU"]
[Date "2023.07.22"]
[Round "2"]
[Board "16"]
[White "Dias, Savin"]
[Black "Sommerbauer-Cornell, Ben"]
[Result "1-0"]
[WhiteElo "2070"]
[BlackElo "1956"]
[PlyCount "0"]
[EventDate "2023.07.21"]
[EventRounds "5"]
[EventCountry "ENG"]

1. e4 c5 2. Nf3 e6 3. b3 b6 4. c4 Nc6 5. Bb2 d6 6. d4 cxd4 7. Nxd4 Nxd4 8. Qxd4 Nf6
9. Be2 Bb7 10. Nc3 Be7 11. O-O-O O-O 12. f4 Rc8 13. Kb1 Qc7 14. g4 Rfd8 15. g5 Ne8
16. Rhf1 a6 17. Qe3 Bf8 18. f5 Qc5 19. Qh3 Nc7 20. Rf4 g6 21. Na4 Bxe4+ 22. Ka1 Bf3
23. Bxf3 Qf2 24. Rf1  1-0